00966cam a2200265 a 4500001001300000003000400013005001700017007001500034008004100049010001700090035002300107040004700130050002000177100004500197245016200242250001100404260004000415300002400455500002000479504003200499530006900531650002300600650002600623856005100649e 16000377 DLC20260227111206.0cr_|||||||||||780418s1915 nyu 001 0 eng c ae 16000377  a(OCoLC)ocm03808691 aLibrary, U. S. Bur. of EducationcNIEdDLC00aLA695b.A4 19151 aFarrington, Frederic Ernest,d1872-1930.10aFrench secondary schools :ban account of the origin, development and present organization of secondary education in France /cby Frederic Ernest Farrington. a2d ed. aNew York :bLongmans, Green,c1915. axii p., 1 ., 454 p. aIncludes index. aBibliography: p. [411]-430. aAlso available in digital form on the Internet Archive Web site. 0aEducationzFrance. 0aEducation, Secondary.41uhttp://hdl.loc.gov/loc.gdc/scd0001.00071247922